000 00815nam a2200229Ii 4500
003 JO-AjNU
008 230605s9999||||xx |||||||||||||| ||und||
017 _a2002/2/418
020 _a9957-11-254-6
040 _aJO-AjNU
_bara
_erda
_cJO-AjNU
041 _aara
050 1 4 _aHF5548.S5288.2008
100 3 _aتاليف:شاويش،مصطفى نجيب,
_eauthor
_929640
245 0 0 _aادارة المكاتب والاعمال المكتبية
250 _aط2
264 3 1 _aعمان:دار وائل للنشر والتوزيع؛2008
300 _a396ص
_bيحتوي على ببلوغرافية من ص383-396ص
336 _atext
_btxt
_2rdacontent
337 _aunmediated
_bn
_2rdamedia
338 _avolume
_bnc
_2rdacarrier
650 4 _aادارة الاعمال-المهارات المكتبية
_929641
999 _aA11652
_c15220
_d15220